Welcome to CU Library Online Public Access Catalogue (OPAC)

Understanding securities law / (Record no. 3133)

MARC details
000 -LEADER
fixed length control field 00674cam a2200229 a 4500
001 - CONTROL NUMBER
control field 2578583
005 - DATE AND TIME OF LATEST TRANSACTION
control field 20250127205915.0
008 - FIXED-LENGTH DATA ELEMENTS--GENERAL INFORMATION
fixed length control field 960318s1996 nyu b 001 0 eng
020 ## - INTERNATIONAL STANDARD BOOK NUMBER
International Standard Book Number 0820524999
050 00 - LIBRARY OF CONGRESS CALL NUMBER
Classification number KF1440
Item number .S74 1996
082 00 - DEWEY DECIMAL CLASSIFICATION NUMBER
Classification number 346.73/092
-- 347.30692
Edition information 20
100 1# - MAIN ENTRY--PERSONAL NAME
Personal name Steinberg, Marc I.
245 10 - TITLE STATEMENT
Title Understanding securities law /
Statement of responsibility, etc. Marc I. Steinberg.
250 ## - EDITION STATEMENT
Edition statement 2nd ed.
260 ## - PUBLICATION, DISTRIBUTION, ETC.
Place of publication, distribution, etc. New York, NY :
Name of publisher, distributor, etc. Matthew Bender,
Date of publication, distribution, etc. 1996
Date of manufacture (1999 printing)
300 ## - PHYSICAL DESCRIPTION
Extent xvi, 414 p. ;
Dimensions 24 cm.
440 #0 - SERIES STATEMENT/ADDED ENTRY--TITLE
Title Casebook skills series
440 #0 - SERIES STATEMENT/ADDED ENTRY--TITLE
Title Legal text series
500 ## - GENERAL NOTE
General note "Times Mirror books."
650 #0 - SUBJECT ADDED ENTRY--TOPICAL TERM
Topical term or geographic name entry element Securities
Geographic subdivision United States.
942 ## - ADDED ENTRY ELEMENTS (KOHA)
Source of classification or shelving scheme Library of Congress Classification
Koha item type Books
Suppress in OPAC No
999 ## -
-- 3133
-- 3133

No items available.

© 2023-2024 Copyright: Central University Libraries. All Rights Reserved | Created by: Mahone Tech Office